Statistics for 2011 AFL Draft Top 10 Picks

Click here to take the quiz!

General Stats

  • This quiz has been taken 18 times
  • The average score is 5 of 10

Answer Stats

HintAnswer% Correct
GWSJonathon Patton
94%
GWSStephen Coniglio
75%
Port AdelaideChad Wingard
63%
GWSNick Haynes
44%
GWSMatt Buntine
38%
GWSWill Hoskin Elliott
38%
GWSAdam Tomlinson
31%
GWSDom Tyson
25%
GWSLiam Sumner
25%
BrisbaneBilly Longer
19%

Score Distribution

Percentile by Number Answered

Percent of People with Each Score

Your Score History

You have not taken this quiz